BUBT Library Online Catalog

ইকুইটি ও ট্রাস্ট আইন : (Record no. 3165)

000 -LEADER
fixed length control field 00683nam a2200205Ia 4500
003 - CONTROL NUMBER IDENTIFIER
control field BUBTL
008 - FIXED-LENGTH DATA ELEMENTS--GENERAL INFORMATION
fixed length control field 151213s9999 xx 000 0 und d
082 ## - DEWEY DECIMAL CLASSIFICATION NUMBER
Classification number 346.004/ Si649e/ 2007
100 ## - MAIN ENTRY--PERSONAL NAME
Personal name সিংহ, রামকান্ত
9 (RLIN) 4776
245 ## - TITLE STATEMENT
Title ইকুইটি ও ট্রাস্ট আইন :
Statement of responsibility, etc. রামকান্ত সিংহ
250 ## - EDITION STATEMENT
Edition statement 8Th
260 ## - PUBLICATION, DISTRIBUTION, ETC. (IMPRINT)
Place of publication, distribution, etc. Dhaka
Name of publisher, distributor, etc. গশাম্ছ পাবলিকেশন্স।
Date of publication, distribution, etc. c2007
300 ## - PHYSICAL DESCRIPTION
Extent 391p. :
Other physical details 22 cm .
650 ## - SUBJECT ADDED ENTRY--TOPICAL TERM
Topical term or geographic name as entry element Law
650 ## - SUBJECT ADDED ENTRY--TOPICAL TERM
Topical term or geographic name as entry element
700 ## - ADDED ENTRY--PERSONAL NAME
Personal name রামকান্ত সিংহ
9 (RLIN) 4777
856 ## - ELECTRONIC LOCATION AND ACCESS
Password 0
Logon 0
Link text Download
942 ## - ADDED ENTRY ELEMENTS (KOHA)
Source of classification or shelving scheme
Koha item type Books
Holdings
Withdrawn status Lost status Source of classification or shelving scheme Damaged status Not for loan Collection code Permanent location Current location Shelving location Date acquired Source of acquisition Inventory number Total Checkouts Full call number Barcode Date last seen Copy number Price effective from Koha item type
        Not For Loan Non-fiction Bangladesh University of Business and Technology Library Bangladesh University of Business and Technology Library Law Stacks 01/27/2008 Purchase 5123   346.004/ Si649e/ 2007 BUBTL-20035123 03/21/2023 C-1 03/21/2023 Books

More Information About Library

Library Hours

  • Open: 9.00 am. to 9.00 pm.
  • Only Sunday: 9.00 am. to 6.00 pm.
  • Closed: Holiday

Contact to the University

Bangladesh University of Business and Technology Library

  • Mirpurl-2, 1216.
  • Phone:
  • Fax:
  • E-Mail: admin.library@bubt.edu.bd

Contact to the Library

Contact Person:

Md. Abdul Hakim Shah
Joint Librarian
PABX No:  113
Cell No: 01816332931
E-mail: official: admin.library@bubt.edu.bd
Personal: hakim.shah@bubt.edu.bd


BUBT Library

Copyright © 2021